<?xml version="1.0" encoding="UTF-8"?>
<record
    xmlns:xsi="http://www.w3.org/2001/XMLSchema-instance"
    xsi:schemaLocation="http://www.loc.gov/MARC21/slim http://www.loc.gov/standards/marcxml/schema/MARC21slim.xsd"
    xmlns="http://www.loc.gov/MARC21/slim">

  <leader>00869nam a2200229 a 4500</leader>
  <controlfield tag="001">47446</controlfield>
  <controlfield tag="003">BD-RjUL</controlfield>
  <controlfield tag="005">20211209054321.0</controlfield>
  <controlfield tag="008">160808s2013    bg ||||| |||| 00| 0 ben d</controlfield>
  <datafield tag="020" ind1=" " ind2=" ">
    <subfield code="a">9789848934456</subfield>
    <subfield code="c">: Tk. 450.00</subfield>
  </datafield>
  <datafield tag="035" ind1=" " ind2=" ">
    <subfield code="a">(BD-RjUL)47565</subfield>
  </datafield>
  <datafield tag="040" ind1=" " ind2=" ">
    <subfield code="a">BD-RjUL</subfield>
    <subfield code="b">eng</subfield>
    <subfield code="c">BD-RjUL</subfield>
  </datafield>
  <datafield tag="041" ind1=" " ind2=" ">
    <subfield code="a">eng</subfield>
  </datafield>
  <datafield tag="082" ind1=" " ind2=" ">
    <subfield code="a">509.2</subfield>
    <subfield code="b">PAB 2013</subfield>
  </datafield>
  <datafield tag="100" ind1=" " ind2=" ">
    <subfield code="a">&#x9AA;&#x9BE;&#x9B2;, &#x9A8;&#x9BF;&#x9B6;&#x9C0;&#x9A5; &#x995;&#x9C1;&#x9AE;&#x9BE;&#x9B0;</subfield>
    <subfield code="9">119563</subfield>
  </datafield>
  <datafield tag="245" ind1="1" ind2="0">
    <subfield code="a">&#x9AC;&#x9BF;&#x9B6;&#x9CD;&#x9AC;&#x9AC;&#x9BF;&#x99C;&#x9CD;&#x99E;&#x9BE;&#x9A8;&#x9C7;&#x9B0; &#x989;&#x99C;&#x9CD;&#x99C;&#x9CD;&#x9AC;&#x9B2; &#x9A8;&#x995;&#x9CD;&#x9B7;&#x9A4;&#x9CD;&#x9B0; /</subfield>
    <subfield code="c">&#x9A8;&#x9BF;&#x9B6;&#x9C0;&#x9A5; &#x995;&#x9C1;&#x9AE;&#x9BE;&#x9B0; &#x9AA;&#x9BE;&#x9B2;</subfield>
  </datafield>
  <datafield tag="260" ind1=" " ind2=" ">
    <subfield code="a">&#x9A2;&#x9BE;&#x995;&#x9BE; :</subfield>
    <subfield code="b">&#x986;&#x9B2;&#x9C7;&#x9AF;&#x9BC;&#x9BE; &#x9AC;&#x9C1;&#x995; &#x9A1;&#x9BF;&#x9AA;&#x9CB;.,</subfield>
    <subfield code="c">&#x9E8;&#x9E6;&#x9E7;&#x9E9;</subfield>
  </datafield>
  <datafield tag="300" ind1=" " ind2=" ">
    <subfield code="a">&#x9E9;&#x9E8;&#x9E6; &#x9AA;&#x9C3;. ;</subfield>
    <subfield code="c">&#x9E8;&#x9E6; &#x9B8;&#x9C7;&#x9AE;&#x9BF;.</subfield>
  </datafield>
  <datafield tag="650" ind1=" " ind2=" ">
    <subfield code="a">&#x9AC;&#x9BF;&#x99C;&#x9CD;&#x99E;&#x9BE;&#x9A8;&#x9C0;</subfield>
    <subfield code="x">&#x987;&#x9A4;&#x9BF;&#x9B9;&#x9BE;&#x9B8;</subfield>
    <subfield code="y">&#x9E7;&#x9EF; &#x9B6;&#x9A4;&#x995;</subfield>
    <subfield code="9">144292</subfield>
  </datafield>
  <datafield tag="650" ind1=" " ind2=" ">
    <subfield code="a">Scientist</subfield>
    <subfield code="x">History</subfield>
    <subfield code="z">19 century</subfield>
    <subfield code="9">144293</subfield>
  </datafield>
  <datafield tag="942" ind1=" " ind2=" ">
    <subfield code="2">ddc</subfield>
    <subfield code="c">BK</subfield>
  </datafield>
  <datafield tag="999" ind1=" " ind2=" ">
    <subfield code="c">47446</subfield>
    <subfield code="d">47446</subfield>
  </datafield>
  <datafield tag="952" ind1=" " ind2=" ">
    <subfield code="0">0</subfield>
    <subfield code="1">0</subfield>
    <subfield code="2">ddc</subfield>
    <subfield code="4">0</subfield>
    <subfield code="7">0</subfield>
    <subfield code="8">NFIC</subfield>
    <subfield code="a">RUCL</subfield>
    <subfield code="b">RUCL</subfield>
    <subfield code="c">Stack</subfield>
    <subfield code="d">2013-07-31</subfield>
    <subfield code="e">Botany Department, RU</subfield>
    <subfield code="g">450.00</subfield>
    <subfield code="l">0</subfield>
    <subfield code="o">B 509.2 PAB 2013</subfield>
    <subfield code="r">2016-08-08 00:00:00</subfield>
    <subfield code="t">C-2</subfield>
    <subfield code="w">2016-08-08</subfield>
    <subfield code="y">BK</subfield>
  </datafield>
  <datafield tag="952" ind1=" " ind2=" ">
    <subfield code="0">0</subfield>
    <subfield code="1">0</subfield>
    <subfield code="2">ddc</subfield>
    <subfield code="4">0</subfield>
    <subfield code="7">0</subfield>
    <subfield code="8">NFIC</subfield>
    <subfield code="a">RUCL</subfield>
    <subfield code="b">RUCL</subfield>
    <subfield code="c">Stack</subfield>
    <subfield code="d">2013-07-31</subfield>
    <subfield code="e">Botany Department, RU</subfield>
    <subfield code="g">450.00</subfield>
    <subfield code="l">0</subfield>
    <subfield code="o">B 509.2 PAB 2013</subfield>
    <subfield code="r">2016-08-08 00:00:00</subfield>
    <subfield code="t">C-3</subfield>
    <subfield code="w">2016-08-08</subfield>
    <subfield code="y">BK</subfield>
  </datafield>
  <datafield tag="952" ind1=" " ind2=" ">
    <subfield code="0">0</subfield>
    <subfield code="1">0</subfield>
    <subfield code="2">ddc</subfield>
    <subfield code="4">0</subfield>
    <subfield code="7">0</subfield>
    <subfield code="8">NFIC</subfield>
    <subfield code="a">RUCL</subfield>
    <subfield code="b">RUCL</subfield>
    <subfield code="c">Stack</subfield>
    <subfield code="d">2013-07-31</subfield>
    <subfield code="e">Botany Department, RU</subfield>
    <subfield code="g">450.00</subfield>
    <subfield code="l">0</subfield>
    <subfield code="o">B 509.2 PAB 2013</subfield>
    <subfield code="r">2016-08-08 00:00:00</subfield>
    <subfield code="t">C-4</subfield>
    <subfield code="w">2016-08-08</subfield>
    <subfield code="y">BK</subfield>
  </datafield>
  <datafield tag="952" ind1=" " ind2=" ">
    <subfield code="0">0</subfield>
    <subfield code="1">0</subfield>
    <subfield code="2">ddc</subfield>
    <subfield code="4">0</subfield>
    <subfield code="7">1</subfield>
    <subfield code="8">NFIC</subfield>
    <subfield code="a">RUCL</subfield>
    <subfield code="b">RUCL</subfield>
    <subfield code="c">Reading</subfield>
    <subfield code="d">2013-07-31</subfield>
    <subfield code="e">Botany Department, RU</subfield>
    <subfield code="g">450.00</subfield>
    <subfield code="l">0</subfield>
    <subfield code="o">B 509.2 PAB 2013</subfield>
    <subfield code="r">2017-04-06 00:00:00</subfield>
    <subfield code="t">C-1</subfield>
    <subfield code="w">2017-04-06</subfield>
    <subfield code="y">BK</subfield>
  </datafield>
</record>
